| 000 | 00800nam a2200229Ii 4500 | ||
|---|---|---|---|
| 003 | JO-AjNU | ||
| 008 | 230605s9999||||xx |||||||||||||| ||und|| | ||
| 017 | _a2003/20009 | ||
| 020 | _a977-01-8944-8 | ||
| 040 |
_aJO-AjNU _bara _erda _cJO-AjNU |
||
| 041 | _aara | ||
| 050 | 1 | 4 | _aBP80.2004 |
| 100 | 3 |
_aالنجار،عامر, _eauthor _920083 |
|
| 245 | 0 | 0 | _aمن شوامخ الفكر الإسلامي:الإمام ابن قيم الجوزية، ج4 |
| 264 | 3 | 1 | _aالقاهرة:الهيئة المصرية العامة للكتاب ،2004 |
| 300 | _aج4، 203ص | ||
| 336 |
_atext _btxt _2rdacontent |
||
| 337 |
_aunmediated _bn _2rdamedia |
||
| 338 |
_avolume _bnc _2rdacarrier |
||
| 490 | 0 | _aشوامخ الفكر الاسلامي 2 | |
| 650 | 4 |
_aشوامخ الفكر الاسلامي _920084 |
|
| 999 |
_aA6744 _c10312 _d10312 |
||